Sound solutions (Record no. 71764)
[ view plain ]
| 000 -LEADER | |
|---|---|
| fixed length control field | 00947cam a2200205 4500 |
| 001 - CONTROL NUMBER | |
| control field | ABS66210 |
| 008 - FIXED-LENGTH DATA ELEMENTS--GENERAL INFORMATION | |
| fixed length control field | 021213n2002 000 0 eng u |
| 035 ## - SYSTEM CONTROL NUMBER | |
| System control number | (Sirsi) u120772 |
| 100 ## - MAIN ENTRY--PERSONAL NAME | |
| Personal name | Heller, A |
| 245 ## - TITLE STATEMENT | |
| Title | Sound solutions |
| 260 ## - PUBLICATION, DISTRIBUTION, ETC. | |
| Date of publication, distribution, etc. | 2002 |
| 490 ## - SERIES STATEMENT | |
| Series statement | HouseBuilder |
| Volume/sequential designation | December 2002, 17-21(4) |
| 520 ## - SUMMARY, ETC. | |
| Summary, etc. | Looks at timetable regarding the introduction of Part E of the building regulations which tightened up sound insulation requirements. Robust standard details are regarded as solution, so that various forms of separating wall and floor construction are designed to exceed new requirements. "Chomping at the bit" continues the theme with an overview of the work underway by product manufacturers. |
| 590 ## - LOCAL NOTE (RLIN) | |
| Local note | ABS |
| 650 ## - SUBJECT ADDED ENTRY--TOPICAL TERM | |
| Topical term or geographic name entry element | SOUND INSULATION |
| 650 ## - SUBJECT ADDED ENTRY--TOPICAL TERM | |
| Topical term or geographic name entry element | BUILDING REGULATIONS 2000 APPROVED DOCUMENT E (2003 EDITION) |
| 650 ## - SUBJECT ADDED ENTRY--TOPICAL TERM | |
| Topical term or geographic name entry element | ROBUST STANDARD DETAILS |
| 690 ## - LOCAL SUBJECT ADDED ENTRY--TOPICAL TERM (OCLC, RLIN) | |
| Topical term or geographic name as entry element | BUILT ENVIRONMENT-BUILDING STANDARDS |
| 942 ## - ADDED ENTRY ELEMENTS (KOHA) | |
| Suppress in OPAC | 0 |
| Withdrawn status | Lost status | Source of classification or shelving scheme | Damaged status | Not for loan | Home library | Current library | Shelving location | Date acquired | Total Checkouts | Full call number | Barcode | Date last seen | Copy number | Price effective from | Koha item type |
|---|---|---|---|---|---|---|---|---|---|---|---|---|---|---|---|
| Dewey Decimal Classification | London | London | Journal article | 13/12/2002 | ABS66210 | 120772-1001 | 06/08/2019 | 1 | 06/08/2019 | Journal article |